MARC details
| 000 -CABECERA |
| campo de control de longitud fija |
02490nam a2200397 i 4500 |
| 001 - NÚMERO DE CONTROL |
| campo de control |
000048133 |
| 003 - IDENTIFICADOR DEL NÚMERO DE CONTROL |
| campo de control |
DO-SdBNP |
| 005 - FECHA Y HORA DE LA ÚLTIMA TRANSACCIÓN |
| campo de control |
20260414100756.0 |
| 007 - CAMPO FIJO DE DESCRIPCIÓN FÍSICA--INFORMACIÓN GENERAL |
| campo de control de longitud fija |
ta |
| 008 - DATOS DE LONGITUD FIJA--INFORMACIÓN GENERAL |
| campo de control de longitud fija |
181120s2017 dr 000 0 spa d |
| 020 ## - NÚMERO INTERNACIONAL ESTÁNDAR DEL LIBRO |
| Número Internacional Estándar del Libro |
9789945005028 |
| 040 ## - FUENTE DE LA CATALOGACIÓN |
| Centro catalogador/agencia de origen |
DO-SdBNP |
| Lengua de catalogación |
spa |
| Centro/agencia transcriptor |
BNPHU |
| Normas de descripción |
rda |
| 041 ## - CÓDIGO DE LENGUA |
| Código de lengua del texto/banda sonora o título independiente |
spa |
| 082 #4 - NÚMERO DE LA CLASIFICACIÓN DECIMAL DEWEY |
| Número de clasificación |
923.2 |
| Número de documento/Ítem |
G984h 2017 |
| Número de edición |
22 |
| 100 1# - ENTRADA PRINCIPAL--NOMBRE DE PERSONA |
| Nombre de persona |
Gutiérrez Félix, Euclides, |
| Fechas asociadas al nombre |
1936- |
| Término indicativo de función/relación |
autor |
| Código de función/relación |
aut. |
| 9 (RLIN) |
5673 |
| 245 10 - MENCIÓN DE TÍTULO |
| Título |
Héroes y próceres dominicanos y americanos / |
| Mención de responsabilidad, etc. |
Euclides Gutiérrez Félix ; prólogo, Alejandrina Germán. |
| 250 ## - MENCIÓN DE EDICIÓN |
| Mención de edición |
quinta edición revisada y actualizada |
| 264 #1 - PRODUCCIÓN, PUBLICACIÓN, DISTRIBUCIÓN, FABRICACIÓN Y COPYRIGHT |
| Producción, publicación, distribución, fabricación y copyright |
Santo Domingo : |
| Nombre del de productor, editor, distribuidor, fabricante |
Corripio, |
| Fecha de producción, publicación, distribución, fabricación o copyright |
2017. |
| 300 ## - DESCRIPCIÓN FÍSICA |
| Extensión |
398 páginas : |
| Otras características físicas |
ilustraciones ; |
| Dimensiones |
23 cm. |
| 336 ## - TIPO DE CONTENIDO |
| Término de tipo de contenido |
texto |
| Código de tipo de contenido |
txt |
| Fuente |
rdacontent |
| 337 ## - TIPO DE MEDIO |
| Nombre/término del tipo de medio |
sin mediación |
| Código del tipo de medio |
n |
| Fuente |
rdamedia |
| 338 ## - TIPO DE SOPORTE |
| Nombre/término del tipo de soporte |
volumen |
| Código del tipo de soporte |
nc |
| Fuente |
rdacarrier |
| 500 ## - NOTA GENERAL |
| Nota general |
Incluye datos biográficos del autor en las solapas |
| 500 ## - NOTA GENERAL |
| Nota general |
Incluye referencias bibliográficas y notas al pie de las páginas |
| 504 ## - NOTA DE BIBLIOGRAFÍA, ETC. |
| Nota de bibliografía, etc. |
Bibliografía : páginas 379-388 |
| 505 0# - NOTA DE CONTENIDO CON FORMATO |
| Nota de contenido con formato |
Primera parte: |
| Título |
Héroes y próceres dominicanos -- |
| -- |
Introducción -- |
| -- |
Enriquillo -- |
| -- |
Juan Pablo Duarte -- |
| -- |
Francisco del Rosario Sánchez -- |
| -- |
Matías Ramón Mella -- |
| -- |
Antonio Duverge -- |
| -- |
José María Cabral -- |
| -- |
Pedro Pimentel -- |
| -- |
Gaspar Polanco -- |
| -- |
Marcos Adón -- |
| -- |
Eusebio Manzueta -- |
| -- |
Fernando Arturo de Meriño -- |
| -- |
Benigno Filomeno de Rojas -- |
| -- |
Ulises Francisco Espaillat -- |
| -- |
José Antonio Salcedo (Pepillo) -- |
| -- |
Pedro Francisco Bono -- |
| -- |
Francisco Gregorio Billini -- |
| -- |
Salomé Ureña -- |
| -- |
Ercilia Pepín -- |
| -- |
Rafael Fernández Domínguez -- |
| -- |
Francisco Caamacho Deño -- |
| Información miscelánea |
Segunda parte: Héroes y próceres americanos Introducción página -- |
| Título |
Lautaro -- |
| -- |
Thomas Jefferson -- |
| -- |
Miguel Hidalgo -- |
| -- |
Simón Bolívar -- |
| -- |
Antonio José De Sucre -- |
| -- |
José de San Martin -- |
| -- |
Bernardo O'Higgins -- |
| -- |
José María Morelos -- |
| -- |
Toussaint Louverture -- |
| -- |
Dessalines -- |
| -- |
Abraham Lincoln -- |
| -- |
Francisco Morazán -- |
| -- |
Benito Juárez -- |
| -- |
Máximo Gomez -- |
| -- |
Antonio Maceo -- |
| -- |
Augusto Cesar Sandino. |
| 590 ## - NOTA LOCAL (RLIN) |
| Nota local |
Inventariado, 2018/LP |
| 650 #4 - PUNTO DE ACCESO ADICIONAL DE MATERIA--TÉRMINO DE MATERIA |
| Término de materia o nombre geográfico como elemento de entrada |
Revolucionarios |
| Subdivisión geográfica |
República Dominicana |
| Subdivisión general |
Biografías |
| 9 (RLIN) |
12091 |
| 650 #4 - PUNTO DE ACCESO ADICIONAL DE MATERIA--TÉRMINO DE MATERIA |
| Término de materia o nombre geográfico como elemento de entrada |
Héroes |
| Subdivisión geográfica |
República Dominicana |
| Subdivisión general |
Biografías |
| 9 (RLIN) |
12092 |
| 650 #4 - PUNTO DE ACCESO ADICIONAL DE MATERIA--TÉRMINO DE MATERIA |
| Término de materia o nombre geográfico como elemento de entrada |
Jefes de estado |
| Subdivisión geográfica |
República Dominicana |
| Subdivisión general |
Biografías |
| 9 (RLIN) |
12093 |
| 651 #4 - PUNTO DE ACCESO ADICIONAL DE MATERIA--NOMBRE GEOGRÁFICO |
| Nombre geográfico |
República Dominicana |
| Subdivisión general |
Biografías |
| 9 (RLIN) |
1325 |
| 651 #4 - PUNTO DE ACCESO ADICIONAL DE MATERIA--NOMBRE GEOGRÁFICO |
| Nombre geográfico |
América |
| Subdivisión general |
Biografías |
| 9 (RLIN) |
12095 |
| 700 1# - PUNTO DE ACCESO ADICIONAL--NOMBRE DE PERSONA |
| Nombre de persona |
Germán, Alejandrina, |
| Término indicativo de función/relación |
prologuista |
| Código de función/relación |
pr. |
| 9 (RLIN) |
12096 |
| 910 ## - DATOS DE OPCIÓN DEL USUARIO (OCLC) |
| Datos de opción del usuario |
Validado. Control de calidad MFF |
| 942 ## - ELEMENTOS DE PUNTO DE ACCESO ADICIONAL (KOHA) |
| Fuente del sistema de clasificación o colocación |
Dewey Decimal Classification |
| Tipo de ítem Koha |
Libro |